Účtovanie emisných kvót podľa slovenských účtovných postupov IFRS a US GAAP diplomová práca

Saved in:
Bibliographic Details
Main Author: Štrajtová, Jarmila
Corporate Author: Podnikovohospodárska fakulta EU so sídlom v Košiciach. Katedra účtovníctva a financií
Other Authors: Bobaľová, Eva
Format: Book
Language:Slovak
Published: Košice 2008
Tags: Add Tag
No Tags, Be the first to tag this record!

MARC

LEADER 00000nam$a2200000$$$4500
001 0077415
005 20240201120539.6
041 0 |a slo 
044 |a SK 
245 1 0 |a Účtovanie emisných kvót podľa slovenských účtovných postupov IFRS a US GAAP  |b diplomová práca  |c Jarmila Štrajtová ; škol. Eva Bobaľová 
264 1 |a Košice  |c 2008 
300 |a 73 s. 
100 1 |a Štrajtová, Jarmila 
700 1 |a Bobaľová, Eva 
710 2 |a Podnikovohospodárska fakulta EU so sídlom v Košiciach. Katedra účtovníctva a financií